|
|
|
|
| LEADER |
00000nam0a2200000 4500 |
| 001 |
310853 |
| 005 |
20231102002328.0 |
| 020 |
|
|
|a RU
|b 81-89344
|
| 035 |
|
|
|a (RuTPU)RU\TPU\book\336206
|
| 090 |
|
|
|a 310853
|
| 100 |
|
|
|a 20151130d1981 km y0rusy5003 ca
|
| 101 |
0 |
|
|a rus
|
| 102 |
|
|
|a UA
|
| 105 |
|
|
|a a z 001zy
|
| 200 |
1 |
|
|a Повышение эффективности комплексного использования угля
|f Г. И. Иовенко
|g Общество "Знание" Украинской ССР
|
| 210 |
|
|
|a Киев
|c Знание
|d 1981
|
| 215 |
|
|
|a 19 с.
|
| 225 |
1 |
|
|a Библиотечка "Эффективное использование материальных и топливно-энергетических ресурсов"
|
| 320 |
|
|
|a Библиогр.: с. 19
|
| 606 |
1 |
|
|a Уголь
|x Использование комплексное
|x Экономическая эффективность
|2 stltpush
|3 (RuTPU)RU\TPU\subj\62462
|9 79537
|
| 610 |
1 |
|
|a геологические запасы
|
| 610 |
1 |
|
|a промышленные запасы
|
| 610 |
1 |
|
|a топливно-энергетические ресурсы
|
| 610 |
1 |
|
|a вторичные энергетические ресурсы
|
| 610 |
1 |
|
|a отходы
|
| 675 |
|
|
|a 622.333.004
|v 3
|
| 700 |
|
1 |
|a Иовенко
|b Г. И.
|g Генриетта Игнатьевна
|
| 712 |
0 |
2 |
|a Общество "Знание" Украинской ССР
|2 stltpush
|3 (RuTPU)RU\TPU\col\8781
|9 24581
|
| 801 |
|
0 |
|a RU
|b RuMRKP
|c 19950704
|g psbo
|
| 801 |
|
1 |
|a RU
|b 63413507
|c 20151130
|
| 801 |
|
2 |
|a RU
|b 63413507
|c 20191021
|g RCR
|
| 942 |
|
|
|c BK
|